ბათუმის შოთა რუსთაველის სახელმწიფო უნივერსიტეტის ბიბლიოთეკა

ფუნქციათა მწკრივები : ლექციების კურსი / (ბიბ.ჩანაწერი № 37658)

000 -ლიდერი
ფიქსირებული სიგრძის საკონტროლო ველი 00927nam a2200217Ia 4500
001 - საკონტროლო ნომერი
საკონტროლო ველი 3630
003 - საკონტროლო ნომრის იდენტიფიკატორი
საკონტროლო ველი GE_BSU
005 - ბოლო ოპერაციის თარიღი და დრო
საკონტროლო ველი 20190603174736.0
008 - ფიქსირებული სიგრძის მონაცემთა ელემენტები - ზოგადი ინფორმაცია
ფიქსირებული სიგრძის საკონტროლო ველი 181216s1990||||ge |||||||||||||| ||geo||
040 ## - კატალოგიზაციის წყარო
Transcribing agency GE_BSU
080 ## - უნივერსალური ათობითი კლასიფიკაციის ინდექსი
Universal Decimal Classification number 517.52 ფ–69
100 ## - მთავარი ჩანაწერი - პიროვნების სახელი
Personal name ფიცხელაური, .
9 (RLIN) 2021
245 ## - ცნობა სათაურის შესახებ
Title ფუნქციათა მწკრივები : ლექციების კურსი /
Statement of responsibility, etc თ. ფიცხელაური ; ნ. ხომერიკი ; რედ : თ. ცისკარიშვილი.
264 ## - წარმოების, გამოცემის, დისტრიბუციის და სხვა ცნობები
გამოცემის, წარმოების, დისტრიბუციის... ადგილი თბილისი :
გამოცემის, წარმოების, დისტრიბუციის... სახელწოდება სტუ,
გამოცემის, წარმოების, დისტრიბუციის... თარიღი 1990.
300 ## - ფიზიკური აღწერა
Extent 31 გვ .:
Dimensions 20 სმ.
504 ## - BIBLIOGRAPHY, ETC. NOTE
Bibliography, etc ბიბლიოგრ.: გვ.31
653 ## - INDEX TERM--UNCONTROLLED
Uncontrolled term ფუნქციათა მწკრივები
700 ## - ADDED ENTRY--PERSONAL NAME
Personal name ხომერიკი, ნ
9 (RLIN) 1720
700 ## - ADDED ENTRY--PERSONAL NAME
Personal name ცისკარიშვილი, თ
Relator term რედაქტორი
9 (RLIN) 2022
942 ## - ADDED ENTRY ELEMENTS (KOHA)
Koha item type წიგნი
Source of classification or shelving scheme
ეგზემპლარები
ჩამოწერის სტატუსი დაკარგული ეგზემპლარის სტატუსი კლასიფიკაციის წყარო ან თაროზე გაწყობის სქემა დაზიანების სტატუსი არ გაიცემა მუდმივი მდებარეობა (დაცვის ადგილი) ამჟამინდელი ადგილსამყოფელი თაროზე განთავსების ადგილი შეძენის თარიღი ღირებულება, შესყიდვის ნორმალური ფასი სრული შენახვის შიფრი შტრიხკოდი ბოლო ოპერაციის თარიღი ეგზემპლარის მიმდევრობითი ნომერი (კეტერი?) ფასის ძალაში შესვლის თარიღი ეგზემპლარის სახეობა საჯარო შენიშვნა
          ტექნოლოგიური ფაკულტეტის ბიბლიოთეკა ტექნოლოგიური ფაკულტეტის ბიბლიოთეკა წიგნსაცავი 2018-12-17 10.00 517.52 ფ–69 10173 2018-12-17 10173 2018-12-17 წიგნი 10 ლ.
          ტექნოლოგიური ფაკულტეტის ბიბლიოთეკა ტექნოლოგიური ფაკულტეტის ბიბლიოთეკა წიგნსაცავი 2018-12-17 10.00 517.52 ფ–69 10174 2018-12-17 10174 2018-12-17 წიგნი 10 ლ.
          ტექნოლოგიური ფაკულტეტის ბიბლიოთეკა ტექნოლოგიური ფაკულტეტის ბიბლიოთეკა წიგნსაცავი 2018-12-17 10.00 517.52 ფ–69 10175 2018-12-17 10175 2018-12-17 წიგნი 10 ლ.